Charlesworth and Percy on negligence (Record no. 105871)

MARC details
000 -LEADER
fixed length control field 01872cam a22003735a 4500
001 - CONTROL NUMBER
control field ##L134970
008 - FIXED-LENGTH DATA ELEMENTS--GENERAL INFORMATION
fixed length control field 060913s2006 001 0 eng u
020 ## - INTERNATIONAL STANDARD BOOK NUMBER
International Standard Book Number 0421954302
035 ## - SYSTEM CONTROL NUMBER
System control number (Sirsi) u134970
041 0# - LANGUAGE CODE
Language code of text/sound track or separate title eng
050 04 - LIBRARY OF CONGRESS CALL NUMBER
Classification number 346.41032 $2 18
100 1# - MAIN ENTRY--PERSONAL NAME
Personal name Walton, Christopher
245 00 - TITLE STATEMENT
Title Charlesworth and Percy on negligence
250 ## - EDITION STATEMENT
Edition statement 11th ed.
260 ## - PUBLICATION, DISTRIBUTION, ETC.
Place of publication, distribution, etc. London
Name of publisher, distributor, etc. Sweet and Maxwell
Date of publication, distribution, etc. 2006
300 ## - PHYSICAL DESCRIPTION
Extent cclx, 1222p.
Dimensions 24cm.
350 ## - PRICE (NR) (BK AM CF MU VM SE) [OBSOLETE]
Price 275
490 #0 - SERIES STATEMENT
Series statement Sweet and Maxwell Common Law Library
505 2# - FORMATTED CONTENTS NOTE
Formatted contents note General principles: The meaning of negligence -- The duty to take care -- Principal defences and discharges from liability -- Damages -- Proof and causation
505 2# - FORMATTED CONTENTS NOTE
Formatted contents note Standard of care: The standard of care -- Dangerous premises -- Persons professing some special skill -- Highways and transport -- Employment at common law
505 2# - FORMATTED CONTENTS NOTE
Formatted contents note Statutory duty: Liability for breach of statutory duty
505 2# - FORMATTED CONTENTS NOTE
Formatted contents note Absolute or strict liability: Dangerous things "Rylands v Fletcher" -- Animals -- Products liability
505 2# - FORMATTED CONTENTS NOTE
Formatted contents note Death: Death and causes of action
505 2# - FORMATTED CONTENTS NOTE
Formatted contents note Miscellaneous matters: Insurance and other compensation schemes
520 ## - SUMMARY, ETC.
Summary, etc. The standard work on professional negligence, covering the liability of occupiers, quantity surveyors, auctioneers, valuers, estate agents and quasi-arbitrators. Tables of cases, statutory instruments, civil procedure rules, civil procedure rules practice directions, European directives and European and international conventions and treaties.
520 ## - SUMMARY, ETC.
Summary, etc. Supersedes tenth edition (ISBN 0421825901)
590 ## - LOCAL NOTE (RLIN)
Local note IKA031006
651 #4 - SUBJECT ADDED ENTRY--GEOGRAPHIC NAME
Geographic name England and Wales
Chronological subdivision 1543-
690 ## - LOCAL SUBJECT ADDED ENTRY--TOPICAL TERM (OCLC, RLIN)
Topical term or geographic name as entry element MANAGEMENT-BUSINESS MANAGEMENT-PROFESSIONAL PRACTICE-NEGLIGENCE
700 1# - ADDED ENTRY--PERSONAL NAME
Personal name Cooper, Roger
700 1# - ADDED ENTRY--PERSONAL NAME
Personal name Wood, Simon E.
700 1# - ADDED ENTRY--PERSONAL NAME
Personal name Percy, Rodney
Relator term Consultant Editor
942 ## - ADDED ENTRY ELEMENTS (KOHA)
Suppress in OPAC 0
Holdings
Withdrawn status Lost status Source of classification or shelving scheme Damaged status Not for loan Home library Current library Shelving location Date acquired Cost, normal purchase price Total Checkouts Full call number Barcode Date last seen Copy number Cost, replacement price Price effective from Koha item type
    Dewey Decimal Classification     London London Books 20/09/2006 275.00   346.41032 WAL 30073267 06/08/2019 1 275.00 06/08/2019 Reference material